000 00200 a2200097 4500
020 _a9780983321507
041 _aspa
100 _aWendy Abarca
245 _aLos animales son unicos como tu
942 _cK
999 _c28705
_d28705